000 00448nam a2200169Ia 4500
001 25659
003 IN-NITTTR
005 20251114233325.0
008 251113s9999||||xx |||||||||||||| ||eng||
040 _beng
040 _cIN-NITTTR
041 _aeng
082 _a603 C39B
100 _aChattopadhya, Anjana
245 0 _aBiographical dictionary of Indian scientists :
_b from ancient to contemporary /
_cChattopadhya, Anjana
942 _2ddc
_cBK
999 _c28288
_d28288